Greatest Montreal Canadiens by Jersey Number - Statistics

General Stats
  • This quiz has been taken 103 times
    60 since last reset
  • The average score is 31 of 91
Answer Stats
Jersey # Position, Years Player % Correct
1 G, 1953-1963 Jacques Plante
96%
9 RW, 1944-1960 Maurice Richard
96%
16 C, 1956-1975 Henri Richard
93%
89 RW, 2024-Present Joshua Roy
91%
33 G, 1985-1996 Patrick Roy
91%
31 G, 2007-2022 Carey Price
85%
58 D, 2022-Present David Savard
80%
4 C, 1954-1971 Jean Béliveau
80%
18 D, 1968-1981 Serge Savard
80%
10 RW, 1972-1985 Guy Lafleur
78%
8 D, 2022-Present Mike Matheson
74%
76 D, 2009-2016 P.K. Subban
70%
11 C, 1996-2009 Saku Koivu
70%
2 D, 1951-1961 Doug Harvey
67%
29 G, 1971-1979 Ken Dryden
67%
19 D, 1973-1989 Larry Robinson
67%
79 D, 2000-2017 Andrei Markov
65%
40 RW, 2019-Present Joel Armia
65%
12 RW, 1964-1979 Yvan Cournoyer
65%
67 LW, 2009-2018 Max Pacioretty
63%
41 G, 2007-2010 Jaroslav Halák
61%
5 RW, 1951-1964 Bernie Geoffrion
59%
7 C, 1924-1937 Howie Morenz
59%
34 G, 2021-2024 Jake Allen
59%
23 LW, 1974-1989 Bob Gainey
54%
92 LW, 2017-2022 Jonathan Drouin
54%
13 LW, 2018-2020 Max Domi
48%
27 RW, 2004-2009 Alexei Kovalev
46%
3 D, 1941-1956 Butch Bouchard
46%
68 D, 2009-2013 Yannick Weber
46%
60 G, 1997-2006 José Théodore
43%
22 LW, 1973-1985 Steve Shutt
43%
74 D, 2011-2017 Alexei Emelin
41%
24 D, 1984-1990 Chris Chelios
41%
21 C, 1983-1994 Guy Carbonneau
39%
54 D, 2022-Present Jordan Harris
39%
25 C, 1968-1979 Jacques Lemaire
37%
44 RW, 1986-1998 Stéphane Richer
35%
51 D, 2000-2009 Francis Bouillon
33%
62 LW, 2016-2022 Artturi Lehkonen
30%
73 RW, 2003-2013 Michael Ryder
30%
65 C, 2016-2019 Andrew Shaw
28%
81 C, 2010-2016 Lars Eller
28%
43 D, 1991-2004 Patrice Brisebois
28%
90 LW, 2018-2021 Tomáš Tatar
28%
46 LW, 2006-2012 Andrei Kostitsyn
26%
75 D, 2009-2012 Hal Gill
26%
6 LW, 1938-1948 Toe Blake
26%
32 D, 2006-2018 Mark Streit
24%
85 C, 2022 Mathieu Perreault
24%
26 LW, 1983-1990 Mats Näslund
24%
77 C, 1994-1997 Pierre Turgeon
24%
53 D, 2017-Present Victor Mete
24%
94 C, 2001-2004 Yanic Perreault
24%
71 C, 2000-2006 Mike Ribeiro
22%
91 C, 2023-2024 Sean Monahan
22%
83 RW, 2018 Aleš Hemský
20%
28 D. 1989-1995 Éric Desjardins
20%
72 LW, 2011-2013 Erik Cole
20%
57 LW, 2010-2011 Benoît Pouliot
17%
30 RW, 1980-1992 Chris Nilan
17%
14 RW, 1957-1970 Claude Provost
17%
84 LW, 2006-2010 Guillaume Latendresse
17%
61 D, 2011-2014 Raphael Díaz
17%
20 C, 1970-1978 Pete Mahovlich
15%
93 C, 2001-2003 Doug Gilmour
11%
64 D, 2013-2015 Greg Pateryn
11%
37 G, 1984-1986 Steve Penney
11%
88 D, 2017-2018 Brandon Davidson
9%
47 C, 1989-1994 Stéphan Lebeau
9%
15 RW, 1961-1970 Bobby Rousseau
7%
45 LW, 1991-1995 Gilbert Dionne
7%
56 D, 2000-2002 Stéphane Robidas
7%
49 LW, 1994-2002 Brian Savage
4%
52 D, 1995-2007 Craig Rivet
4%
42 RW, 1996-1997 Darcy Tucker
4%
55 D, 1998-2000 Igor Ulanov
4%
48 D, 1990-1996 Jean-Jacques Daigneault
4%
95 LW, 2002 Sergei Berezin
4%
80 C, 2009 Ben Maxwell
2%
39 C, 1986-1993 Brian Skrudland
2%
82 RW, 2001-2004 Donald Audette
2%
70 LW, 2008-2010 Greg Stewart
2%
17 D, 1956-1967 Jean-Guy Talbot
2%
86 RW, 2006 Jonathan Ferland
2%
35 LW, 1984-1992 Mike McPhee
2%
36 LW, 1986-1988 Sergio Momesso
2%
38 D, 1994-2000 Vladimir Malakhov
2%
63 C, 2000-2002 Craig Darby
0%
78 C, 2001-2002 Eric Landry
0%
59 C, 2007-2008 Mikhail Grabovski
0%
No matching quizzes found
Score Distribution
Percent of People with Each Score
Percentile by Number Answered
Your Score History
You have not taken this quiz since the last reset